| 000 | 00344nam a22001457a 4500 | ||
|---|---|---|---|
| 003 | SGT | ||
| 020 | _a978-81-932450-2-6 | ||
| 082 |
_a616.07 _bP16G |
||
| 100 | _aGUPTA, LIMCI | ||
| 245 | _aPRACTICL APPLICATION IN HISTOPATHOLOGY, CYTOPATHOLOGY | ||
| 250 | _a1ST | ||
| 260 |
_aINDIA _bINNOVATIVE PUB. _c2016 |
||
| 300 | _a273 | ||
| 942 |
_2ddc _cBK |
||
| 999 |
_c18228 _d18228 |
||